|
|
|
|
| LEADER |
00000nam0a2200000 4500 |
| 001 |
325458 |
| 005 |
20231102003751.0 |
| 035 |
|
|
|a (RuTPU)RU\TPU\book\351072
|
| 090 |
|
|
|a 325458
|
| 100 |
|
|
|a 20161206d1973 k y0rusy50 ca
|
| 101 |
0 |
|
|a rus
|
| 102 |
|
|
|a RU
|
| 105 |
|
|
|a y z 001zy
|
| 200 |
1 |
|
|a Политическая организация Советского общества и ее буржуазные фальсификаторы
|f М. Н. Марченко
|
| 210 |
|
|
|a Москва
|c Изд-во Московского ун-та
|d 1973
|
| 215 |
|
|
|a 147 с.
|
| 320 |
|
|
|a Библиогр. в примеч.
|
| 606 |
1 |
|
|a Советское общество
|x Политическая организация
|2 stltpush
|3 (RuTPU)RU\TPU\subj\55426
|9 73460
|
| 610 |
1 |
|
|a общественные организации
|
| 610 |
1 |
|
|a государственные организации
|
| 610 |
1 |
|
|a советология
|
| 610 |
1 |
|
|a антикоммунистическое движение
|
| 686 |
|
|
|a Ф3(2)12
|v LBC/SL-A
|2 rubbk
|
| 700 |
|
1 |
|a Марченко
|b М. Н.
|g Михаил Николаевич
|
| 801 |
|
1 |
|a RU
|b 63413507
|c 20161206
|
| 801 |
|
2 |
|a RU
|b 63413507
|c 20221024
|g RCR
|
| 942 |
|
|
|c BK
|